000 00198nam a2200085Ia 4500
008 180219s9999 xx 000 0 und d
100 _aSharma B L
245 0 _aSamajik Vigyan Shiakshan
260 _aR Lall Meerut
260 _c2014
999 _c42252
_d42252